000
00282nam a22001337a 4500
008
170418b xxu||||| |||| 00| 0 eng d
020
_a
9780321529077
041
_a
eng
080
_a
579
100
_a
11
101
_a
SHM
245
_a
MICROBIOLOGY
_c
BAUMAN.R,W
942
_2
udc
_c
BK
999
_c
11028
_d
11028